4-Letter 'W' Words Quiz Stats

 Plays Quiz Updated Nov 25, 2017

Score 0/10 Timer 01:30
3 Plays Today
Question Answer Wrong Answers
Watery part of milk whey
89.9%
wisp
2.9%
wynd
1.3%
waif
2.8%
Accustom to take solid food wean
87%
whiz
1.7%
wain
5%
weir
2.7%
Instant wink
75.5%
whap
9.9%
wack
4.1%
wite
7%
A flightless bird of New Zealand weka
70.9%
wick
8.4%
wuss
9.2%
wold
7.5%
A usually dry stream bed or valley wadi
58.9%
wert
12.7%
weka
4.3%
wain
20.2%
A sweet liquid fermented to make beer wort
56.1%
winy
5.3%
waff
26.8%
wite
7.8%
A runic Middle English letter wynn
50.2%
wain
20.6%
waff
18.5%
wonk
6.4%
A series of lengthwise yarn on a loom warp
49.2%
welt
22.9%
whup
14.8%
wren
9.2%
A blue pigment woad
48.6%
wite
18.4%
ween
11%
wame
17.7%
A fabric ridge wale
39.3%
weft
44.2%
woke
5.1%
wame
7.5%

You're not logged in!

Compare scores with friends on all Sporcle quizzes.
OR
Log In

You Might Also Like...

Show Comments

Extras

Top Quizzes Today


Score Distribution

Your Account Isn't Verified!

In order to create a playlist on Sporcle, you need to verify the email address you used during registration. Go to your Sporcle Settings to finish the process.

Report this User

Report this user for behavior that violates our Community Guidelines.

Details: